Statistics for String Instruments by Picture

Click here to take the quiz!

General Stats

  • This quiz has been taken 43 times
  • The average score is 13 of 20

Answer Stats

Answer % Correct
harp
97%
banjo
94%
piano
91%
violin
91%
double bass
91%
sitar
88%
cello
88%
electric guitar
81%
viola
81%
electric bass
75%
acoustic guitar
72%
lute
69%
mandolin
56%
ukulele
53%
balalaika
44%
zither
38%
autoharp
25%
hurdy-gurdy
22%
bouzouki
19%
dulcimer
19%

Score Distribution

Percentile by Number Answered

Percent of People with Each Score

Your Score History

You have not taken this quiz